| 000 | 00887nam a22002657a 4500 | ||
|---|---|---|---|
| 005 | 20130114150053.0 | ||
| 008 | 130114t xxu||||| |||| 00| 0 eng d | ||
| 010 | _aENG-106559 | ||
| 020 |
_c795.00 _a0198082274 |
||
| 020 |
_c795.00 _a9780198082279 |
||
| 035 | _aEN-90092 | ||
| 037 | _bDBAD / PUB | ||
| 040 |
_aDPL _bENG |
||
| 100 |
_954743 _aAlok Kumar |
||
| 245 |
_aElectricity sector in India : _cby Alok Kumar [and] Sushanta K. Chatterjee _bpolicy and regulation / |
||
| 260 |
_aNew Delhi _bOxford University Press _c2012 |
||
| 270 |
_aYMCA Library Building, Jai Singh Road, _bNew Delhi _e110001 |
||
| 300 |
_axxiii, 292p.; _c20cm (Hb) |
||
| 500 | _aIncludes index | ||
| 700 | _954740 | ||
| 700 | _954747 | ||
| 700 | _954748 | ||
| 942 |
_2ddc _cEN _mALO |
||
| 999 |
_c72934 _d72934 |
||